000 01811cam a22004337i 4500
999 _c7421
_d7421
001 18193199
003 GZU
005 20210510121103.0
008 140619s2015 caua b 001 0 eng c
010 _a 2014943646
015 _aGBB4E5475
_2bnb
016 7 _a016974801
_2Uk
020 _a9781446273531
020 _a9781446273524
020 _z1446273539
035 _a(OCoLC)ocn890624974
040 _aBTCTA
_beng
_cBTCTA
_erda
_dBDX
_dUKMGB
_dCDX
_dGPM
_dMUM
_dMEU
_dNJM
_dYDXCP
_dOCLCF
_dDLC
050 0 0 _aHD30.4
_b.S325 2015
100 1 _aScherbaum, Charles A.,
_eauthor.
245 1 0 _aAnalysing quantitative data :
_bfor business and management students /
_cCharles A. Scherbaum & Kristen M. Shockley.
264 1 _aThousand Oaks, CA :
_aLondon :
_bSAGE,
_c2015.
300 _axiv, 165 pages :
_billustrations ;
_c24 cm
336 _atext
_btxt
_2rdacontent
337 _aunmediated
_bn
_2rdamedia
338 _avolume
_bnc
_2rdacarrier
504 _aIncludes bibliographical references (pages [155]-159) and index.
505 0 _a1. Introduction -- 2. Understanding quantitative data analysis -- 3. Basic components of quantitative data analysis -- 4. Conducting quantitative data analysis -- 5. Examples of quantitative data analysis -- 6. Conclusions.
546 _aText in English.
650 0 _aBusiness
_xResearch.
650 0 _aManagement science.
650 0 _aQuantitative research.
650 7 _aBusiness
_xResearch.
_2fast
_0(OCoLC)fst00842371
650 7 _aManagement science.
_2fast
_0(OCoLC)fst01007306
650 7 _aQuantitative research.
_2fast
_0(OCoLC)fst01742283
700 1 _aShockley, Kristen M.,
_eauthor.
906 _a7
_bcbc
_cpccadap
_d2
_encip
_f20
_gy-gencatlg
942 _2lcc
_cBK
_h30.4
_iSCH
_kHD
_m2015